Critical behavior of non-ideal systems / (Record no. 355876)

000 -LEADER
fixed length control field 00983cam a2200325 a 4500
001 - CONTROL NUMBER
control field 6932160
003 - CONTROL NUMBER IDENTIFIER
control field USPCAS-E
005 - DATE AND TIME OF LATEST TRANSACTION
control field 20180118181416.0
008 - FIXED-LENGTH DATA ELEMENTS--GENERAL INFORMATION
fixed length control field 080227s2008 gw a b 001 0 eng
020 ## - INTERNATIONAL STANDARD BOOK NUMBER
International Standard Book Number 9783527406586 (hbk.)
020 ## - INTERNATIONAL STANDARD BOOK NUMBER
International Standard Book Number 3527406581 (hbk.)
024 ## - OTHER STANDARD IDENTIFIER
Standard number or code 40015926832
035 ## - SYSTEM CONTROL NUMBER
System control number (OCoLC)ocn241006929
035 ## - SYSTEM CONTROL NUMBER
System control number (OCoLC)241006929
035 ## - SYSTEM CONTROL NUMBER
System control number (NNC)6932160
040 ## - CATALOGING SOURCE
Original cataloging agency UKM
Transcribing agency UKM
Modifying agency BAKER
-- BWX
-- WTU
042 ## - AUTHENTICATION CODE
Authentication code ukblcatcopy
050 #4 - LIBRARY OF CONGRESS CALL NUMBER
Classification number QC173.4.C74
Item number I92 2008
082 04 - DEWEY DECIMAL CLASSIFICATION NUMBER
Classification number 530.474
Edition number 22
Author Mark IVA-C 2008
100 1# - MAIN ENTRY--PERSONAL NAME
Personal name Ivanov, Dmitry Yu.
245 10 - TITLE STATEMENT
Title Critical behavior of non-ideal systems /
Statement of responsibility, etc. Dmitry Yu. Ivanov.
260 ## - PUBLICATION, DISTRIBUTION, ETC.
Place of publication, distribution, etc. Weinheim :
Name of publisher, distributor, etc. Wiley-VCH ;
Place of publication, distribution, etc. [Chichester :
Name of publisher, distributor, etc. John Wile, distributor],
Date of publication, distribution, etc. 2008.
300 ## - PHYSICAL DESCRIPTION
Extent xiv, 257 p. :
Other physical details ill. ;
Dimensions 25 cm.
502 ## - DISSERTATION NOTE
Dissertation note 0
504 ## - BIBLIOGRAPHY, ETC. NOTE
Bibliography, etc. note Includes bibliographical references and index.
650 #0 - SUBJECT ADDED ENTRY--TOPICAL TERM
Topical term or geographic name entry element Critical phenomena (Physics)
942 ## - ADDED ENTRY ELEMENTS (KOHA)
Source of classification or shelving scheme
Koha item type Book
948 1# - LOCAL PROCESSING INFORMATION (OCLC); SERIES PART DESIGNATOR (RLIN)
Series part designator, SPT (RLIN) 20081121
b (OCLC) c
c (OCLC) vt2130
d (OCLC) MPS
Holdings
Withdrawn status Lost status Source of classification or shelving scheme Damaged status Not for loan Collection code Permanent Location Current Location Shelving location Date acquired Source of acquisition Cost, normal purchase price Total Checkouts Full call number Barcode Date last seen Price effective from Koha item type
            US-Pakistan Center for Advanced Studies in Energy (USPCAS-E) US-Pakistan Center for Advanced Studies in Energy (USPCAS-E)   12/30/2015 Golden 16890.00   530.474 IVA-C 2008 CAS-E001207 12/30/2015 12/30/2015 Book
© 2023 Central Library, National University of Sciences and Technology. All Rights Reserved.